| Tag |
First Indicator |
Second Indicator |
Subfields |
| LEADER |
00000cam a2200000 i 4500 |
| 001 |
in00000315721 |
| 005 |
20151011051416.0 |
| 008 |
771109c19771970nyuaf b 00110 eng |
| 010 |
|
|
|a 76055484
|
| 020 |
|
|
|a 0801411009 :
|c $27.50
|
| 035 |
|
|
|a (OCoLC)03286666
|
| 035 |
|
|
|9 ABK8555AM
|
| 040 |
|
|
|a DLC
|c DLC
|d TXA
|d UtOrBLW
|
| 049 |
|
|
|a TXAM
|c [1541769]
|a TXAS [kaid]
|c 2
|
| 050 |
0 |
0 |
|a QL696.C63
|b G6 1977
|
| 082 |
0 |
|
|a 598.6/5
|
| 100 |
1 |
|
|a Goodwin, Derek.
|
| 245 |
1 |
0 |
|a Pigeons and doves of the world /
|c by Derek Goodwin ; ill. by Robert Gillmor.
|
| 250 |
|
|
|a 2d ed.
|
| 264 |
|
1 |
|a Ithaca, N.Y. :
|b Comstock Pub. Associates,
|c 1977
|
| 264 |
|
4 |
|c ©1970
|
| 300 |
|
|
|a vi, 446 pages, 3 leaves of plates :
|b illustrations (some color) ;
|c 29 cm.
|
| 336 |
|
|
|a text
|b txt
|2 rdacontent
|
| 337 |
|
|
|a unmediated
|b n
|2 rdamedia
|
| 338 |
|
|
|a volume
|b nc
|2 rdacarrier
|
| 490 |
1 |
|
|a Publication - British Museum (Natural History) ; no. 663
|
| 504 |
|
|
|a Includes bibliographies and indexes.
|
| 650 |
|
0 |
|a Pigeons.
|
| 830 |
|
0 |
|a Publication (British Museum (Natural History)) ;
|v no. 663.
|
| 999 |
|
|
|a MARS
|
| 999 |
f |
f |
|s 1e444b7b-87fd-3349-b1b7-e15eca25f96d
|i 3a01ce6d-6e93-3180-a5a9-45c997cee891
|t 0
|
| 952 |
f |
f |
|p noncirc
|a Texas A&M University
|b College Station
|c Cushing Memorial Library & Archives
|d Cushing: Kincaid/Misc. (Remote Storage: 2-3 day retrieval)
|t 0
|e QL696.C63 G6 1977
|h Library of Congress classification
|i unmediated -- volume
|
| 952 |
f |
f |
|p ric
|a Texas A&M University
|b Rellis Campus
|c Joint Library Facility
|d Remote Storage
|t 0
|e QL696.C63 G6 1977
|h Library of Congress classification
|i unmediated -- volume
|m A14804966530
|
| 998 |
f |
f |
|a QL696.C63 G6 1977
|t 0
|l Remote Storage
|
| 998 |
f |
f |
|a QL696.C63 G6 1977
|t 0
|l Cushing: Kincaid/Misc. (Remote Storage: 2-3 day retrieval)
|